POMCA 5 (Registro nro. 20797)

Detalles MARC
000 -CABECERA
Campo de control 00860nam a22002177a 4500
005 - FECHA Y HORA DE LA ULTIMA TRANSACCION
Campo de control 20200131124257.0
008 - ELEMENTOS DE LONGITUD FIJA—INFORMACION GENERAL
Campo de control 200131b xxu||||| |||| 00| 0 spa d
020 ## - ISBN
ISBN
040 ## - FUENTE DE CATALOGACIÓN
Agencia catalogadora original CO-BoIAVH
Agencia transcriptora CO-BoIAVH
041 ## - IDIOMA
Código de idioma para texto/pista de sonido o título separado Español
044 ## - PAÍS DE PUBLICACIÓN
País de publicación Colombia
110 ## - ASIENTO PRINCIPAL--NOMBRE CORPORATIVO
9 (RLIN) 54658
Nombre corporativo o de jurisdicción como elemento de entrada Colombia. Ministerio del Medio Ambiente
245 ## - MENCION DE TITULO
Título POMCA 5
Parte restante del título Plan de Ordenación y Manejo de la Cuenca Hidrográfica
Mención de responsabilidad Ministerio del Medio Ambiente y Ministerio de Hacienda
260 ## - PUBLICACION, DISTRIBUCION, ETC. (PIE DE IMPRENTA)
Lugar de publicación, distribución, etc. s.l:
Nombre del editor, distribuidor, etc. Consorcio POMCAS Oriente Antioqueño,
Fecha de publicación, distribución, etc. s.f.
300 ## - DESCRIPCION FISICA
Extensión Folleto plegable
Otros detalles físicos Fotografías, gráficas y mapas a color,
Dimensiones 30x 15 cm (plegado)
650 #0 - ASIENTO SECUNDARIO DE MATERIA - TERMINO TEMATICO
9 (RLIN) 3212
Término temático o nombre geográfico como elemento de entrada Planes de Ordenación y Manejo Ambiental
650 #0 - ASIENTO SECUNDARIO DE MATERIA - TERMINO TEMATICO
9 (RLIN) 6568
Término temático o nombre geográfico como elemento de entrada Cuencas hidrográficas
Subdivisión geográfica Antioquia
650 #0 - ASIENTO SECUNDARIO DE MATERIA - TERMINO TEMATICO
9 (RLIN) 43277
Término temático o nombre geográfico como elemento de entrada Áreas naturales protegidas
Subdivisión de forma POMCA
710 ## - ASIENTO SECUNDARIO - NOMBRE CORPORATIVO
9 (RLIN) 66425
Nombre corporativo o de jurisdicción como elemento de entrada Ministerio de Hacienda
Término de relación Colombia
942 ## - ELEMENTOS ADICIONALES (KOHA)
Sistema de clasificación Local
Tipo de ítem Folleto
Existencias
Withdrawn status Lost status Sistema de Clasificación Damaged status No para préstamo Colección Ubicación Permanente Ubicación actual Fecha de adquisición Total Checkouts Número topográfico Inventario / Código de Barras Date last seen Ejemplar Price effective from Forma de adquisición Tipo de material
    Local     Hemeroteca Bogotá Bogotá 31/01/2020   FG-0446 044056 31/01/2020 Ej. 1 31/01/2020 Donación Folleto